000 00426nam a2200121Ia 4500
008 220216s9999 xx 000 0 und d
100 _aSupriya R
245 0 _aCloning an characterization of B-1, 3-glucanase gene from different clones of Hevea brasiliensis
260 _bPlacrosym XVII, 2006, Kochi, India. Journal of Plantations Crops, 34(3): pp.572-575.
700 _aSaleena A
700 _aThulaseedharan A
942 _cBS
999 _c48892
_d48892